Business accounting 1 (Record no. 2925)

MARC details
005 - DATE AND TIME OF LATEST TRANSACTION
control field 20250531141416.0
020 ## - INTERNATIONAL STANDARD BOOK NUMBER
International Standard Book Number 0-273-68149-4
082 ## - DEWEY DECIMAL CLASSIFICATION NUMBER
Classification number LECT 657 WOO
100 ## - MAIN ENTRY--PERSONAL NAME
Author name WOOD, F.
245 ## - TITLE STATEMENT
Title Business accounting 1
250 ## - EDITION STATEMENT
Edition statement 10th Ed.
260 ## - PUBLICATION, DISTRIBUTION, ETC.
Place of publication, distribution, etc. Harlow,
Name of publisher, distributor, etc. Pearson education limited,
Date of publication, distribution, etc. 2005.
300 ## - PHYSICAL DESCRIPTION
Extent xxv, 765p.: ill.; figure, graph, picture, table.
Other physical details Index,
Dimensions 24cm.
700 ## - ADDED ENTRY--PERSONAL NAME
Other authors/Editors SANGSTER, A.
856 ## - ELECTRONIC LOCATION AND ACCESS
Link text Access online book
Electronic name Business accounting 1
Path www.pearsoned.co.uk
942 ## - ADDED ENTRY ELEMENTS (KOHA)
Source of classification or shelving scheme Dewey Decimal Classification
Koha item type Books
Holdings
Date last seen Total checkouts Full call number Barcode Cost, replacement price Price effective from Koha item type Lost status Source of classification or shelving scheme Damaged status Not for loan Withdrawn status Home library Current library Shelving location Date acquired Cost, normal purchase price
07/01/2025   657 WOO DOM0003106 288000.00 07/01/2025 Books   Dewey Decimal Classification       CBE Dodoma CBE Dodoma General Collection 07/01/2005 96000.00
05/31/2025   LECT 657 WOO 00000010544 288000.00 05/31/2025 Books   Dewey Decimal Classification       College of Business Education Main Library College of Business Education Main Library General Collection 11/21/2005 96000.00
06/04/2025   TEA LECT 657 WOO 00000011036 288000.00 06/04/2025 Books   Dewey Decimal Classification       College of Business Education Main Library College of Business Education Main Library General Collection 11/21/2005 96000.00